Neuroeducación e Inteligencia Artificial (Registro nro. 10907)

000 -CABECERA
Campo de control de longitud fija 02052nam a22002897a 4500
003 - IDENTIFICADOR DEL NÚMERO DE CONTROL
Campo de control OSt
005 - FECHA Y HORA DE LA ÚLTIMA TRANSACCIÓN
Campo de control 20260625103416.0
008 - CÓDIGOS DE INFORMACIÓN DE LONGITUD FIJA
Campo de control de longitud fija 260625t2025 xxu||||| |||| 00| 0 spa d
040 ## - FUENTE DE LA CATALOGACIÓN
Centro catalogador de origen Unicoc
Lengua de catalogación spa
Centro que cataloga Bogotá (Dr. David Ordóñez Rueda) - Campus Norte
Centro modificador Bogotá (Dr. David Ordóñez Rueda) - Campus Norte
082 ## - NÚMERO DE LA CLASIFICACIÓN DECIMAL DEWEY
Número de clasificación 371.33
100 ## - PUNTO DE ACCESO PRINCIPAL - NOMBRE DE PERSONA
9 (RLIN) 13134
Nombre de persona Rey Valzacchi, Jorge
245 ## - MENCIÓN DE TÍTULO
Título Neuroeducación e Inteligencia Artificial
Subtitulo o Resto del título : Educar con inteligencia humana en la era de las máquinas que aprenden
Mención de responsabilidad etc. / Jorge Rey Valzacchi
250 ## - MENCIÓN DE EDICIÓN
Mención de edición 1 Ed.
260 ## - PUBLICATION, DISTRIBUTION, ETC. (IMPRINT)
Lugar de publicación distribución etc. Argentina :
Nombre del editor distribuidor etc. Instituto Latinoamericano de Desarrollo Profesional Docente ,
Fecha de publicación distribución etc. 2025.
300 ## - DESCRIPCIÓN FÍSICA
Extensión 86 páginas
Otras características físicas Ilustraciones, diagramas, tablas
440 ## - MENCIÓN DE SERIE
9 (RLIN) 13135
Título Aprende Virtual
500 ## - NOTA GENERAL
Nota general Incluye bibliografía
505 ## - NOTA DE CONTENIDO CON FORMATO
Título 1. Fundamentos de la neuroeducación. --
-- 2. Cómo aprende el cerebro. --
-- 3. Inteligencia artificial en educación: una introducción desde el cerebro. --
-- 4. Memoria y aprendizaje: bases neurocientíficas. --
-- 5. Redes neuronales: del cerebro a la inteligencia artificial. --
-- 6. Pensamiento Computacional y Neuroeducación. --
-- 7. IA para potenciar la atención y la concentración. --
-- 8. Memoria y aprendizaje personalizado con IA. --
-- 9. Emoción, motivación y sistemas inteligentes. --
-- 10. Autorregulación del aprendizaje y funciones ejecutivas con IA. --
-- 11. Evaluación formativa y personalizada con IA. --
-- 12. Desafíos éticos y pedagógicos de la IA en educación. --
-- 13. Escenarios reales de aplicación neuroeducativa con IA. --
-- 14. Repensar el rol docente en tiempos de IA y neurociencia. --
-- 15. Proyecciones de una educación con cerebro e IA.
526 ## - NOTA DE INFORMACIÓN SOBRE EL PROGRAMA DE ESTUDIO
Institución que aplica el campo Unicoc
546 ## - NOTA DE LENGUA
Nota de lengua Español
650 #0 - PUNTO DE ACCESO ADICIONAL DE MATERIA - TÉRMINO DE MATERIA
9 (RLIN) 13147
Término de materia o nombre geográfico como elemento inicial Neuroeducación
650 #0 - PUNTO DE ACCESO ADICIONAL DE MATERIA - TÉRMINO DE MATERIA
9 (RLIN) 9921
Término de materia o nombre geográfico como elemento inicial Neurociencia cognitiva
650 #0 - PUNTO DE ACCESO ADICIONAL DE MATERIA - TÉRMINO DE MATERIA
9 (RLIN) 7157
Término de materia o nombre geográfico como elemento inicial Aprendizaje
Subdivisión de forma Aspectos neurobiológicos
650 #0 - PUNTO DE ACCESO ADICIONAL DE MATERIA - TÉRMINO DE MATERIA
9 (RLIN) 13136
Término de materia o nombre geográfico como elemento inicial Tecnología educativa
856 ## - LOCALIZACIÓN Y ACCESO ELECTRÓNICOS
Texto del enlace Acceso online exclusivo para comunidad Unicoc.
Identificador Uniforme del Recurso (URI) https://unicoceduco-my.sharepoint.com/:b:/g/personal/direccionbiblioteca_unicoc_edu_co/IQDmR9j6YdqCTpyQzsc61a5mAd1985NKf3qWTwvYlo6yd2Y
942 ## - ENTRADA PARA ELEMENTOS AGREGADOS (KOHA)
Fuente de clasificación o esquema de ordenación en estanterías
Koha [por defecto] tipo de item Libro electrónico
Existencias
Fuente de adquisición Localización permanente Código de colección Fuente de clasificación o esquema de ordenación en estanterías Código de barras Tipo de item de Koha Fecha última consulta Localización actual Estado de pérdida Precio Signatura completa Fecha de adquisición Fecha del precio de reemplazo Estropeado No para préstamo
CompraBogotá (Dr. David Ordóñez Rueda) - Campus NorteColeccion Online Ebook10907Libro electrónico2026-06-25Bogotá (Dr. David Ordóñez Rueda) - Campus Norte 0.00371.332026-06-252026-06-25  

© 2014 UNICOC | Institución Universitaria Colegios de Colombia - UNICOC
Bogotá D.C. Autopista Norte Km. 20. Teléfono:(571)6683535
Cali: Calle 13 Norte No. 3N-13. Teléfono: (572)6608887

Con tecnología de Koha